000 00444nam a2200181Ia 4500
001 8859
005 20260306160641.0
008 260306t2008||||xx |||||||||||||| ||spa||
041 _aESP
082 _a371.5
_bO92
100 _aOvejero, Anastasio
_eAUT
245 0 _aLa convivencia sin violencia:
_brecursos para educar
260 _c2008
300 _a177 páginas :
_c23 cm.
650 _aGEN
654 _aCED
942 _cLIB
_dJUS
_fJUS
_2ddc
_n
999 _c8859
_d8859